| 000 | 00390nam a2200157Ia 4500 | ||
|---|---|---|---|
| 008 | 230917s9999||||xx |||||||||||||| ||und|| | ||
| 020 | _cRS350 | ||
| 040 |
_e33796 _aMAIN |
||
| 041 | _aEnglish | ||
| 082 | _a294.592609 B223C | ||
| 100 | _aBanerji, Sures Chandra | ||
| 245 | 0 | _aCompanion to dharmasastra | |
| 260 |
_aNew Delhi _bD K Printworld _c1998 |
||
| 300 | _aix, 265 p. | ||
| 942 | _cBK | ||
| 999 |
_c81394 _d81394 |
||